Detalles MARC
| 000 -LIDER |
| fixed length control field |
01907nam a2200421 a 4500 |
| 001 - NÚMERO DE CONTROL |
| Identificador de número de control |
000013521 |
| 003 - IDENTIFICACDOR DE NÚMERO DE CONTROL |
| control field |
DO-SdBNP |
| 005 - DATE AND TIME OF LATEST TRANSACTION |
| control field |
20180312102104.0 |
| 007 - CAMPOS FIJOS DE DESCRIPCIÓN FÍSICA |
| fixed length control field |
000013521 |
| 008 - ELEMENTOS DE LONGITUD FIJA |
| fixed length control field |
091117s2014 dr ac 000 0 spa d |
| 020 ## - ISBN |
| International Standard Book Number |
9789945118780 (v. 1) |
| 020 ## - ISBN |
| International Standard Book Number |
9789945118759 (v.2) Guía |
| 020 ## - ISBN |
| International Standard Book Number |
9789945118728 (v.3) Cuaderno |
| 040 ## - FUENTE DE CATALOGACIÓN |
| Agencia que crea de manera original el registro |
BPMSU |
| Idioma de catalogación |
spa |
| Agencia que realiza la transcripción |
BPMSU |
| 082 04 - NÚMERO DE CLASIFICACIÓN DECIMAL DE DEWEY |
| Classification number |
372.6561 |
| Item number |
I37e 1ro. 2014 |
| 100 1# - ASIENTO PRINCIPAL -- NOMBRE PERSONAL |
| Nombre personal |
Incháustegui, María Isabel |
| 245 10 - MENCIÓN DE TITULO |
| Título |
Español 1 : |
| Subtítulo |
educación básica / |
| Mención de responsabilidad |
María Isabel Incháustegui ; dirección editorial Claudia Llibre ; ilustraciones Ruddy Núñez ... [et.al]. |
| 260 ## - PUBLICACIÓN, DISTRIBUCIÓN, ETC. (PIE DE IMPRENTA) |
| Lugar de publicación, distribución, etc |
Santo Domingo : |
| Nombre del editor, distribuidor, etc. |
Santillana, |
| Fecha de publicación, distribución, etc |
2014. |
| 300 ## - DESCRIPCIÓN FÍSICA |
| Extensión |
3v. : |
| Otros detalles físicos |
il., retrs. ; |
| Dimensiones |
28 cm. + |
| Material complementario |
CD-ROM |
| 490 1# - MENCIÓN DE SERIES |
| Mención de serie |
Proyecto todos juntos |
| 500 ## - NOTA GENERAL |
| Nota general |
Incluye Guía didáctica y Cuaderno |
| 500 ## - NOTA GENERAL |
| Nota general |
La biblioteca posee el volumen 1 |
| 505 0# - NOTA DE CONTENIDO |
| Información miscelánea |
v. 1 - |
| -- |
Unidad 1 -- |
| Título |
Vamos a conocernos -- |
| Información miscelánea |
Unidad 2 -- |
| Título |
Paseo al zoológico -- |
| Información miscelánea |
Unidad 3 -- |
| Título |
Nuestra escuela es una canción -- |
| Información miscelánea |
Unidad 4 -- |
| Título |
Vivir en una ciudad -- |
| Información miscelánea |
unidad 5 -- |
| Título |
De compras en navidad -- |
| Información miscelánea |
Unidad 6 -- |
| Título |
Para ver y reír -- |
| Información miscelánea |
Unidad 7 -- |
| Título |
Me comunico con los demás -- |
| Información miscelánea |
Unidad 8 -- |
| Título |
Un recorrido por nuestras tradiciones -- |
| Información miscelánea |
Unidad 9 -- |
| Título |
Mejor informados -- |
| Información miscelánea |
Unidad 10 -- |
| Título |
Historias de siempre -- |
| 650 #4 - ENCABEZAMIENTO DE MATERIA--TEMÁTICO |
| Término temático o nombre geográfico como elemento de entrada |
ESPAÑOL |
| Subdivisión temática general |
ENSEÑANZA BÁSICA |
| 650 #4 - ENCABEZAMIENTO DE MATERIA--TEMÁTICO |
| Término temático o nombre geográfico como elemento de entrada |
ESPAÑOL |
| Subdivisión temática general |
EDUCACIÓN PRIMARIA |
| 650 #4 - ENCABEZAMIENTO DE MATERIA--TEMÁTICO |
| Término temático o nombre geográfico como elemento de entrada |
EDUCACIÓN PRIMARIA |
| Subdivisión geográfica |
REPÚBLICA DOMINICANA |
| 650 #4 - ENCABEZAMIENTO DE MATERIA--TEMÁTICO |
| Término temático o nombre geográfico como elemento de entrada |
ESPAÑOL |
| Subdivisión temática general |
ESTUDIOS Y EJERCICIOS |
| 650 #4 - ENCABEZAMIENTO DE MATERIA--TEMÁTICO |
| Término temático o nombre geográfico como elemento de entrada |
ESPAÑOL |
| Subdivisión temática general |
LIBROS DE TEXTOS |
| 700 1# - ASIENTO SECUNDARIO -- NOMBRE PERSONAL |
| Nombre personal |
Incháustegui, María Isabel |
| 700 12 - ASIENTO SECUNDARIO -- NOMBRE PERSONAL |
| Nombre personal |
Llibre, Claudia |
| Mención de responsabilidad |
ed. |
| 700 1# - ASIENTO SECUNDARIO -- NOMBRE PERSONAL |
| Nombre personal |
Núñez, Ruddy, |
| Mención de responsabilidad |
il. |
| 830 #0 - ASIENTO SECUNDARIO DE SERIE--TÍTULO UNIFORME |
| Título uniforme |
Proyecto todos juntos |
| 910 ## - VALIDACIÓN |
| Validación |
Validado. Control de calidad MFF |
| 942 ## - ADDED ENTRY ELEMENTS (KOHA) |
| Source of classification or shelving scheme |
Dewey Decimal Classification |
| Koha item type |
Libros |
| 945 ## - INFORMACIÓN DE PROCESAMIENTO LOCAL |
| Información de procesamiento local |
Remanejado para BNPHU / 2018 BT |
| 956 ## - LOCAL ELECTRONIC LOCATION AND ACCESS (OCLC) |
| Nombre de host |
VMATEO |
| Número de acceso |
10 |
| Información de compresión |
20150812 |
| Inicio de sesión |
BPMSU |
| Procesador de solicitud |
00151 |
| 956 ## - LOCAL ELECTRONIC LOCATION AND ACCESS (OCLC) |
| Nombre de host |
LOPEREZ |
| Número de acceso |
10 |
| Información de compresión |
20160418 |
| Inicio de sesión |
BPMSU |
| Procesador de solicitud |
00041 |